[Event "NED-ch op-B"]
[Site "Borne"]
[Date "2019.08.09"]
[Round "5"]
[White "Luzac, Tijmen"]
[Black "Zult, Olav"]
[Result "1-0"]
[WhiteElo "516"]
[BlackElo "545"]
[PlyCount "25"]
[EventDate "2019.08.05"]
[EventType "swiss"]
[EventRounds "9"]
[EventCountry "NED"]
[SourceTitle "EXT 2020"]
[Source "ChessBase"]
[SourceDate "2019.10.17"]
[SourceVersion "1"]
[SourceVersionDate "2019.10.17"]
[SourceQuality "1"]

1. e4 c6 2. Nf3 d5 3. Nc3 dxe4 4. Nxe4 Bf5 5. Nfg5 Nd7 6. Bc4 Nh6 7. g4 Bg6 8. h4 f6 9. h5 Bf7 10. Nxf7 Nxf7 11. Qf3 e5 12. g5 fxg5 13. Qxf7# 1-0